000 00463nam a2200169Ia 4500
008 220216s9999 xx 000 0 und d
100 _aSevere G
245 0 _aTransition behaviour of hydrogenated acrylonitrile-butadiene rubber
260 _bKautschuk Gummi Kunststoffe
_c2002
300 _a144-148
650 _aAnnealing
650 _aEthylene copolymer
650 _aGlass transition temperature
650 _aHNBR
700 _aWhite J L
942 _cJS
999 _c71487
_d71487